000 00379nam a22001217a 4500
003 SGT
082 _a080
_bU59K
100 _aखां, मोहम्मद मुस्तफा
245 _aउर्दू हिंदी शब्दकोष
260 _bउत्तरप्रदेश हिंदी संस्थान
_c1959
300 _a755
942 _2ddc
_cBK
999 _c31454
_d31454